Extraordinary tennis for the ordinary player ; winning strategy for the tennis enthusiast who plays for fun.

Bibliographic Details
Main Author: Ramo, Simon
Format: Book
Language:English
Published: New York : Crown, [1970]
Subjects:

MARC

Tag First Indicator Second Indicator Subfields
LEADER 00000cam a2200000 4500
001 in00000220021
005 20151009071548.0
008 700325s1970 nyua 00000 eng
010 |a  75101594  
035 |a (OCoLC)00062711 
035 |9 AAY7764AM 
037 |c 4.95 
040 |a DLC  |c DLC  |d TXA  |d UtOrBLW 
049 |a TXAM  |c [851895] 
050 0 0 |a GV995  |b .R28 
082 0 |a 796.34/2 
100 1 |a Ramo, Simon. 
245 1 0 |a Extraordinary tennis for the ordinary player ;  |b winning strategy for the tennis enthusiast who plays for fun. 
264 1 |a New York :  |b Crown,  |c [1970] 
300 |a 158 pages :  |b illustrations ;  |c 22 cm. 
336 |a text  |b txt  |2 rdacontent 
337 |a unmediated  |b n  |2 rdamedia 
338 |a volume  |b nc  |2 rdacarrier 
650 0 |a Tennis. 
999 |a MARS 
999 f f |s 355ff1c6-94ee-3415-8b28-8d2611a20495  |i 436fb08a-15ed-3025-a351-2fde4d9aa88a  |t 0 
952 f f |p ric  |a Texas A&M University  |b Rellis Campus  |c Joint Library Facility  |d Remote Storage  |t 0  |e GV995 .R28  |h Library of Congress classification  |i unmediated -- volume  |m A14802481974 
998 f f |a GV995 .R28  |t 0  |l Remote Storage